[Event "Ä17Ï"]
[Site "Loo"]
[Date "2017.04.21"]
[Round "2.13"]
[White "Ñîëîâüåâà, Ìàðèÿ."]
[Black "Àëåêñàíäðîâà, Åëèçàâåòà."]
[Result "0-1"]
[WhiteElo "1477"]
[BlackElo "1620"]
[PlyCount "46"]
[EventDate "2017.04.20"]

1. d4 Nf6 2. Bf4 Nd5 3. Bg3 d6 4. c4 Nf6 5. Nc3 g6 6. e3 Bg7 7. Nf3 O-O 8. Be2
c6 9. O-O Nh5 10. Bh4 Qe8 11. Nd2 Nf6 12. Bxf6 Bxf6 13. Nde4 Bg7 14. h4 f5 15.
Ng3 e5 16. f4 exd4 17. Nb1 Qxe3+ 18. Rf2 Qxg3 19. h5 d3 20. Qxd3 Qxd3 21. Bxd3
Bd4 22. hxg6 hxg6 23. Nc3 Bxf2+ 0-1

[Event "Ä17Ï"]
[Site "Loo"]
[Date "2017.04.21"]
[Round "2.14"]
[White "Îñòàøåâà, Àíàñòàñèÿ."]
[Black "Ðåâà, Ëþáîâü."]
[Result "0-1"]
[WhiteElo "1391"]
[BlackElo "1604"]
[PlyCount "62"]
[EventDate "2017.04.20"]

1. e4 c5 2. c3 d6 3. d4 cxd4 4. cxd4 g6 5. Nf3 Bg7 6. Be2 Nf6 7. Nc3 O-O 8. O-O
Bg4 9. h3 Bxf3 10. Bxf3 Nc6 11. Be3 Nd7 12. Rc1 Nb6 13. Be2 Rc8 14. a3 f5 15.
d5 Ne5 16. b3 f4 17. Bd4 f3 18. gxf3 Nxf3+ 19. Bxf3 Bxd4 20. Bg4 e5 21. Bxc8
Qxc8 22. Ne2 Qxh3 23. Rc7 Qg4+ 24. Kh2 Qh4+ 25. Kg1 Bxf2+ 26. Kg2 Qxe4+ 27. Kh2
Qh4+ 28. Kg2 Qg4+ 29. Kh2 Rf3 30. Ng1 Bxg1+ 31. Rxg1 Qh3# 0-1

[Event "Ä17Ï"]
[Site "Loo"]
[Date "2017.04.21"]
[Round "2.15"]
[White "Áåëÿêîâà, Èëîíà."]
[Black "×àãèíà, Óëüÿíà."]
[Result "1/2-1/2"]
[WhiteElo "1600"]
[BlackElo "1433"]
[PlyCount "118"]
[EventDate "2017.04.20"]

1. d4 Nf6 2. c4 e6 3. g3 c5 4. d5 exd5 5. cxd5 b5 6. Bg2 d6 7. e4 Nbd7 8. Ne2
g6 9. O-O Bg7 10. a3 O-O 11. Qc2 Bb7 12. Bd2 Re8 13. Bc3 a5 14. b3 b4 15. Bb2
Ba6 16. Re1 Ne5 17. Bxe5 Rxe5 18. Nd2 Nxd5 19. f4 Re8 20. e5 Ne3 21. Qe4 Nxg2
22. Qxg2 dxe5 23. Rad1 Bxe2 24. Qxe2 exf4 25. Ne4 Bd4+ 26. Kg2 Qb6 27. a4 f5
28. Qc4+ Kg7 29. Ng5 Qf6 30. Rxd4 Rxe1 31. Rd7+ Re7 32. Ne6+ Kh8 33. Qd5 Qxe6
34. Qxa8+ Re8 35. Qb7 Qe4+ 36. Qxe4 fxe4 37. gxf4 e3 38. Kf1 e2+ 39. Ke1 Re3
40. Rc7 Rc3 41. Kxe2 Kg8 42. h4 h5 43. Kd2 Kf8 44. Ra7 Rxb3 45. Rxa5 c4 46. Rb5
Rb2+ 47. Kc1 c3 48. Rc5 Ra2 49. a5 b3 50. Rxc3 b2+ 51. Kb1 Rxa5 52. Kxb2 Rf5
53. Rc4 Ke7 54. Kc3 Kd6 55. Kd3 Rc5 56. Rxc5 Kxc5 57. Ke4 Kd6 58. f5 Ke7 59.
fxg6 Kf6 1/2-1/2

[Event "Ä17Ï"]
[Site "Loo"]
[Date "2017.04.21"]
[Round "2.16"]
[White "×óëî÷íèêîâà, Îëüãà."]
[Black "Êàíàãèíà, Ïîëèíà."]
[Result "0-1"]
[WhiteElo "1318"]
[BlackElo "1597"]
[PlyCount "88"]
[EventDate "2017.04.20"]

1. e4 c5 2. d3 Nc6 3. Nd2 g6 4. Ngf3 Bg7 5. g3 d6 6. Bg2 e6 7. O-O Nge7 8. Re1
O-O 9. c3 Qc7 10. Nf1 d5 11. h4 b6 12. N1h2 Bb7 13. Ng5 h6 14. Nh3 Rad8 15. Qc2
Qd7 16. Nf4 dxe4 17. dxe4 Ne5 18. Be3 Nc4 19. Qe2 Nd6 20. Rad1 Qc7 21. Bc1 e5
22. Nh3 Qc8 23. f3 Ba6 24. Qc2 Nb7 25. Qa4 Na5 26. b4 cxb4 27. cxb4 Nc4 28. b5
Qc5+ 29. Nf2 Bxb5 30. Qb3 Nc6 31. Bf1 Nd4 32. Qc3 Rc8 33. Nhg4 h5 34. Nh2 Rfd8
35. Kg2 Ba4 36. Rd3 Bc2 37. Ba3 Qc6 38. Kh1 Bxd3 39. Qxd3 Nxa3 40. Qxa3 Qc2 41.
Kg1 Rc3 42. Qxa7 Rxf3 43. Nxf3 Nxf3+ 44. Kh1 Qxf2 0-1

[Event "Ä17Ï"]
[Site "Loo"]
[Date "2017.04.21"]
[Round "2.17"]
[White "Ìèíüêî, Îëüãà."]
[Black "Êàíåâñêàÿ, Àíàñòàñèÿ."]
[Result "1-0"]
[WhiteElo "1597"]
[BlackElo "1353"]
[PlyCount "61"]
[EventDate "2017.04.20"]

1. e4 e6 2. d4 d5 3. Nc3 Nf6 4. e5 Nfd7 5. Nce2 c5 6. c3 Qb6 7. a3 Nc6 8. Nf3
Be7 9. b4 cxd4 10. cxd4 f6 11. Nf4 Nd8 12. exf6 Nxf6 13. Bd3 Nc6 14. O-O Qd8
15. Re1 Qd6 16. b5 Nd8 17. a4 Qc7 18. Ng5 Qd6 19. g3 h6 20. Bg6+ Kf8 21. Ba3
Qb6 22. Bxe7+ Kxe7 23. Nh7 Qd6 24. Nxf6 gxf6 25. Qf3 Kf8 26. Nxe6+ Bxe6 27.
Qxf6+ Kg8 28. f4 Qd7 29. f5 Bf7 30. Re7 Qc8 31. Bxf7+ 1-0

[Event "Ä17Ï"]
[Site "Loo"]
[Date "2017.04.21"]
[Round "2.18"]
[White "Ñâèðèäîâà, Àíàñòàñèÿ."]
[Black "Åôèìîâà, Òóÿðà."]
[Result "0-1"]
[WhiteElo "1278"]
[BlackElo "1525"]
[PlyCount "68"]
[EventDate "2017.04.20"]

1. d4 d5 2. Bf4 Nf6 3. e3 Bf5 4. Nf3 e6 5. c3 c5 6. Bd3 Bg6 7. Bxb8 Bxd3 8.
Qxd3 Rxb8 9. Ne5 a6 10. Nd2 Bd6 11. Ndf3 O-O 12. h4 Qc7 13. h5 b5 14. g4 c4 15.
Qc2 b4 16. g5 Ne4 17. Rh2 Rb7 18. g6 fxg6 19. hxg6 h6 20. Rg2 bxc3 21. bxc3 Qa5
22. Nc6 Qxc3+ 23. Qxc3 Nxc3 24. Nfe5 Rb2 25. a3 Bxe5 26. Nxe5 Ne4 27. Ng4 h5
28. Ne5 Rfxf2 29. Rxf2 Nxf2 30. Nc6 Nd3+ 31. Kd1 Rh2 32. Rb1 Rh1+ 33. Kc2 Rxb1
34. Kxb1 h4 0-1

[Event "Ì15Ï"]
[Site "Loo"]
[Date "2017.04.21"]
[Round "2.1"]
[White "Äîëãèõ, Åâãåíèé."]
[Black "Äàíçàíäîðæèåâ, Áóëàò."]
[Result "1/2-1/2"]
[WhiteElo "2003"]
[BlackElo "1754"]
[PlyCount "96"]
[EventDate "2017.04.20"]

1. d4 Nf6 2. Nf3 g6 3. c4 Bg7 4. Nc3 d6 5. e4 O-O 6. Be2 e5 7. O-O Nbd7 8. Re1
c6 9. Rb1 a5 10. a3 Ne8 11. d5 c5 12. Be3 f5 13. Ng5 Ndf6 14. f3 f4 15. Bf2 Bd7
16. b4 axb4 17. axb4 b6 18. bxc5 bxc5 19. Ne6 Bxe6 20. dxe6 Nc7 21. Rb6 Nfe8
22. Bxc5 Nxe6 23. Bf2 Nd4 24. Nd5 Nc7 25. Rb7 Nce6 26. Bf1 Rb8 27. Rxb8 Qxb8
28. Qa4 Qb7 29. Qa2 Ra8 30. Qb1 Rb8 31. Qxb7 Rxb7 32. Ra1 Kf7 33. Rc1 h6 34.
Be1 g5 35. h3 Bf8 36. Kh1 Bg7 37. Kg1 Bf8 38. Kh1 Bg7 39. c5 dxc5 40. Bc4 Bf8
41. Bc3 Kg7 42. Ra1 h5 43. Kh2 Bd6 44. Ra6 Bf8 45. Ra1 Bd6 46. Ra6 Bf8 47. Ra1
Bd6 48. Ra6 Bf8 1/2-1/2

[Event "Ì15Ï"]
[Site "Loo"]
[Date "2017.04.21"]
[Round "2.2"]
[White "Øèëüíèêîâ, Àíòîí."]
[Black "Êèñåëåâ, Âëàäèñëàâ."]
[Result "0-1"]
[WhiteElo "1757"]
[BlackElo "1993"]
[PlyCount "110"]
[EventDate "2017.04.20"]

1. e4 c6 2. d4 d5 3. Nc3 dxe4 4. Nxe4 Bf5 5. Ng3 Bg6 6. h4 h6 7. Nf3 Nd7 8. h5
Bh7 9. Bd3 Bxd3 10. Qxd3 e6 11. Bf4 Ngf6 12. O-O-O Be7 13. Ne4 Nxe4 14. Qxe4
Nf6 15. Qe2 O-O 16. Kb1 Qd5 17. Qe5 Ne4 18. Be3 Nf6 19. Qc7 Bd6 20. Qxb7 Rfb8
21. Qa6 Rb5 22. b3 Rab8 23. Nd2 Bb4 24. f3 Bc3 25. Rh4 R8b6 26. Qxa7 Qd8 27.
Nc4 Rb8 28. Qa6 Nd5 29. Qxc6 Qxh4 30. Bc1 Qd8 31. Ne5 R5b6 32. Qc4 Rc8 33. Qe2
Ra8 34. a3 Rba6 35. Nc4 Bxd4 36. Bd2 Bc3 37. Qd3 Rxa3 38. Nxa3 Rxa3 39. Bxc3
Nxc3+ 40. Kc1 Ra1+ 41. Kb2 Nxd1+ 42. Kxa1 Qxd3 43. cxd3 Kf8 44. Ka2 Ke7 45. b4
Kd6 46. Kb3 Kc6 47. f4 Kb5 48. d4 Ne3 49. g3 Nf5 50. d5 exd5 51. g4 Nd4+ 52.
Kc3 Ne2+ 53. Kd3 Nxf4+ 54. Kd4 Kxb4 55. Ke5 Nxh5 0-1

[Event "Ì15Ï"]
[Site "Loo"]
[Date "2017.04.21"]
[Round "2.3"]
[White "Öûáóëüêèí, Èâàí."]
[Black "Ñîìêèí, Êèðèëë."]
[Result "1/2-1/2"]
[WhiteElo "1734"]
[BlackElo "1942"]
[PlyCount "85"]
[EventDate "2017.04.20"]

1. d4 d5 2. c4 c6 3. cxd5 cxd5 4. Nc3 Nf6 5. Bf4 Nc6 6. e3 a6 7. Bd3 e6 8. Rc1
Be7 9. Nf3 O-O 10. O-O Bd7 11. h3 b5 12. Bb1 Re8 13. Ne5 Na5 14. Qe2 Rc8 15. g4
b4 16. g5 bxc3 17. gxf6 Bxf6 18. Bxh7+ Kxh7 19. Qh5+ Kg8 20. Qxf7+ Kh8 21. Nxd7
Qe7 22. Qh5+ Kg8 23. Nxf6+ Qxf6 24. Rxc3 g6 25. Qe2 Rxc3 26. bxc3 Nc4 27. Qg4
Qf5 28. Qxf5 exf5 29. Rb1 Rd8 30. Rb8 Rxb8 31. Bxb8 Kf7 32. Kg2 Kf6 33. h4 Nd2
34. Bc7 Ke6 35. Ba5 f4 36. exf4 Kf5 37. Kg3 Ne4+ 38. Kf3 Nd2+ 39. Ke2 Nc4 40.
Bc7 a5 41. f3 a4 42. Kd3 Nb2+ 43. Kc2 1/2-1/2

[Event "Ì15Ï"]
[Site "Loo"]
[Date "2017.04.21"]
[Round "2.4"]
[White "Íîâèêîâ, Àëåêñåé."]
[Black "Êëûêîâ, Ãåîðãèé."]
[Result "1-0"]
[WhiteElo "1927"]
[BlackElo "1737"]
[PlyCount "88"]
[EventDate "2017.04.20"]

1. e4 d5 2. exd5 Qxd5 3. Nc3 Qd6 4. g3 Nf6 5. Bg2 c6 6. d4 Bf5 7. Nf3 e6 8. O-O
Be7 9. Na4 Qd8 10. c4 Nbd7 11. Qb3 Qc8 12. Nh4 Be4 13. f3 Bg6 14. Nxg6 hxg6 15.
Nc3 O-O 16. Bf4 Nb6 17. a4 Nh5 18. Be3 Nd7 19. d5 exd5 20. cxd5 Bc5 21. Bxc5
Nxc5 22. Qc4 cxd5 23. Nxd5 Kh8 24. g4 Nf6 25. Nxf6 gxf6 26. Qd4 Kg7 27. g5 Qf5
28. gxf6+ Kg8 29. Qh4 Nd7 30. Rfe1 Nxf6 31. Bh3 Qc5+ 32. Kh1 Qc6 33. Bg2 Nh5
34. Rg1 Qf6 35. Qg4 Qf4 36. Rac1 Rfd8 37. Rc4 Qxg4 38. fxg4 Ng7 39. Rc7 Rab8
40. Rf1 f5 41. h3 Rd2 42. b3 Rd3 43. gxf5 Nxf5 44. Re1 Rxb3 1-0

[Event "Ì15Ï"]
[Site "Loo"]
[Date "2017.04.21"]
[Round "2.5"]
[White "Áàëàøîâ, Åãîð."]
[Black "Àñàòðÿí, Ãîð."]
[Result "0-1"]
[WhiteElo "1729"]
[BlackElo "1916"]
[PlyCount "50"]
[EventDate "2017.04.20"]

1. d4 d5 2. c4 c6 3. Nf3 Nf6 4. Qc2 g6 5. Bf4 Na6 6. e3 Bf5 7. Qb3 Nb4 8. Qxb4
e5 9. Qxb7 Rb8 10. Qxc6+ Bd7 11. Qa6 exf4 12. Bd3 fxe3 13. O-O Bh6 14. Nc3 O-O
15. Rae1 Ng4 16. Nd1 exf2+ 17. Nxf2 Be3 18. b3 Re8 19. Rxe3 Nxe3 20. Re1 dxc4
21. bxc4 Bf5 22. Ne5 Qxd4 23. Nc6 Qc3 24. Rxe3 Rb1+ 25. Bxb1 Qe1+ 0-1

[Event "Ì15Ï"]
[Site "Loo"]
[Date "2017.04.21"]
[Round "2.6"]
[White "Êðåòîâ, Ëåîíèä."]
[Black "Äçàãîâ, Êàìáóëàò."]
[Result "1/2-1/2"]
[WhiteElo "1911"]
[BlackElo "1727"]
[PlyCount "170"]
[EventDate "2017.04.20"]

1. d4 d5 2. Nf3 c6 3. Bf4 Bg4 4. Ne5 Bh5 5. c3 Nd7 6. Qb3 Nxe5 7. Bxe5 Qb6 8.
e3 Nf6 9. Bd3 e6 10. O-O Be7 11. Nd2 O-O 12. f3 Nd7 13. Bg3 c5 14. Rfe1 Qxb3
15. axb3 a6 16. Bc2 Rac8 17. Bf2 Bg5 18. Nf1 Bf6 19. Rac1 Rfd8 20. Ng3 Bg6 21.
Bxg6 hxg6 22. Red1 Rc6 23. e4 Bg5 24. exd5 exd5 25. Rc2 cxd4 26. Bxd4 Nc5 27.
Bxc5 Rxc5 28. Re2 Rc7 29. Re5 Bf4 30. Rexd5 Rxd5 31. Rxd5 Bc1 32. Ne4 f6 33. c4
Bxb2 34. Kf2 Ba3 35. g4 g5 36. Ke3 Bc1+ 37. Kd3 Bf4 38. h3 Kf7 39. Nc5 Re7 40.
Rd7 Rxd7+ 41. Nxd7 a5 42. Ke4 Ke7 43. Nc5 b6 44. Na4 Bc7 45. Kd5 Kd7 46. Nc3
Bd6 47. Ne4 Bb4 48. Ng3 Bc5 49. Nf5 Bf8 50. Nd4 g6 51. Ne2 Bd6 52. Nc3 Bb4 53.
Ne4 Be7 54. Nf2 Bc5 55. Nd3 Bd6 56. Ne1 Bc5 57. Nd3 Bd6 58. Nc1 Ba3 59. Ne2 Bd6
60. Nd4 Bc5 61. Ne6 Bd6 62. c5 bxc5 63. Nxc5+ Ke7 64. Kc6 Be5 65. Kd5 Bc3 66.
Nd3 Bd2 67. Nb2 Bc3 68. Nc4 Be1 69. Nd6 Bb4 70. Nb5 Bd2 71. Na7 Kd7 72. Nc6 Be1
73. Nb8+ Kc8 74. Nc6 Kd7 75. Na7 Bd2 76. Nb5 Bb4 77. Nd4 Bd2 78. Ne6 Ke7 79.
Nc5 Be1 80. Na4 Bd2 81. Nb6 Be1 82. Nc4 Bc3 83. Na3 Be1 84. Nb5 Bd2 85. Nd4 Kd7
1/2-1/2

[Event "Ì15Ï"]
[Site "Loo"]
[Date "2017.04.21"]
[Round "2.7"]
[White "Àáäóðàèìîâ, Ýñìåò."]
[Black "Áðèíü, Èëüÿ."]
[Result "1/2-1/2"]
[WhiteElo "1720"]
[BlackElo "1909"]
[PlyCount "87"]
[EventDate "2017.04.20"]

1. e4 c5 2. Nf3 Nc6 3. d4 cxd4 4. Nxd4 Nf6 5. Nc3 e5 6. Ndb5 d6 7. Bg5 a6 8.
Na3 b5 9. Nd5 Qa5+ 10. Bd2 Qd8 11. c4 b4 12. Nc2 Nxe4 13. Ncxb4 Bd7 14. Be3 Nc5
15. Nd3 Rb8 16. Rb1 Be7 17. b4 Ne6 18. b5 axb5 19. cxb5 Ncd4 20. b6 O-O 21. a4
Bg5 22. a5 Ra8 23. Qd2 Ba4 24. Rb2 Nc2+ 25. Rxc2 Bxc2 26. Qxc2 Rxa5 27. Bxg5
Qxg5 28. Ne3 e4 29. Nb2 Ra1+ 30. Nbd1 Qa5+ 31. Qd2 Qxb6 32. Bc4 Nf4 33. O-O Ra5
34. Bxf7+ Rxf7 35. Nc4 Rd5 36. Qxf4 Qc5 37. Qc1 Rc7 38. Nde3 Rd4 39. Qa3 Rxc4
40. Nxc4 Qxc4 41. Qxd6 Rf7 42. Qg3 h6 43. h3 Rf5 44. Re1 1/2-1/2

[Event "Ì15Ï"]
[Site "Loo"]
[Date "2017.04.21"]
[Round "2.8"]
[White "Àáðàìîâ, Èëüÿ."]
[Black "Áîíäàðåíêî, Àðò¸ì."]
[Result "1-0"]
[WhiteElo "1902"]
[BlackElo "1720"]
[PlyCount "63"]
[EventDate "2017.04.20"]

1. d4 Nf6 2. c4 c5 3. d5 b5 4. Nf3 Bb7 5. Nc3 e6 6. Bg5 exd5 7. cxd5 d6 8. e4
Be7 9. Bxb5+ Kf8 10. Qd2 h6 11. Be3 Nbd7 12. O-O Rb8 13. h3 Ba8 14. a4 Qb6 15.
b4 Kg8 16. Bxd7 Nxd7 17. bxc5 Nxc5 18. Rab1 Qc7 19. Rxb8+ Qxb8 20. Bxc5 dxc5
21. Rb1 Qd6 22. e5 Qg6 23. Rb8+ Kh7 24. Qb2 Qd3 25. Rxh8+ Kxh8 26. Qb8+ Kh7 27.
Qxa8 Qxc3 28. Qxa7 Qc1+ 29. Kh2 Qf4+ 30. Kh1 Qc1+ 31. Ng1 Bh4 32. Qxf7 1-0

[Event "Ì15Ï"]
[Site "Loo"]
[Date "2017.04.21"]
[Round "2.9"]
[White "Êóìàðãàëèåâ, Ìàðñåëü."]
[Black "Áîáêîâ, Âàäèì."]
[Result "1-0"]
[WhiteElo "1716"]
[BlackElo "1894"]
[PlyCount "89"]
[EventDate "2017.04.20"]

1. e4 e6 2. d3 d5 3. Nd2 Nf6 4. Ngf3 c5 5. g3 Nc6 6. Bg2 Be7 7. O-O b6 8. Re1
Bb7 9. e5 Nd7 10. Nf1 Qc7 11. Bf4 h6 12. h4 O-O-O 13. N1h2 Rdg8 14. Ng4 g5 15.
hxg5 hxg5 16. Bc1 Nd8 17. d4 f5 18. exf6 Nxf6 19. Nxg5 Nxg4 20. Qxg4 Bxg5 21.
Bxg5 Qg7 22. Re5 cxd4 23. Rae1 Qh7 24. Qe2 Qh2+ 25. Kf1 Nf7 26. Bf4 Nxe5 27.
Bxe5 Rh6 28. Bxd4 Rhg6 29. Be5 Qh7 30. Bf4 Qh2 31. Qd3 R8g7 32. Be5 Rh7 33.
Qxg6 Ba6+ 34. Re2 Bxe2+ 35. Kxe2 Re7 36. Bf3 Qg1 37. Qg5 Kd7 38. Bf6 Rh7 39.
Qg8 Rh2 40. Qf7+ Kd6 41. Qe7+ Kc6 42. Qxe6+ Kb7 43. Qxd5+ Kc7 44. Qc6+ Kb8 45.
Be5# 1-0

[Event "Ì15Ï"]
[Site "Loo"]
[Date "2017.04.21"]
[Round "2.10"]
[White "Þí, Âÿ÷åñëàâ."]
[Black "Ùåïåòíîâ, Åãîð."]
[Result "1-0"]
[WhiteElo "1878"]
[BlackElo "1711"]
[PlyCount "63"]
[EventDate "2017.04.20"]

1. e4 e6 2. c4 d5 3. exd5 exd5 4. cxd5 Qxd5 5. Nc3 Qd8 6. Nf3 Nf6 7. Bc4 Bd6 8.
O-O O-O 9. h3 h6 10. d4 Nbd7 11. Re1 Nb6 12. Bb3 Bf5 13. Be3 Re8 14. Rc1 Qd7
15. a4 Be6 16. Ne5 Bxe5 17. dxe5 Bxb3 18. Qxb3 Rxe5 19. Red1 Qe6 20. Qxe6 fxe6
21. Nb5 c6 22. Bd4 Rh5 23. Nc7 Rc8 24. Nxe6 Nbd7 25. Bxf6 Nxf6 26. Rd8+ Rxd8
27. Nxd8 Ra5 28. b3 Ra6 29. Nxb7 Ne4 30. Rc4 Rb6 31. Na5 c5 32. Rxe4 1-0

[Event "Ì15Ï"]
[Site "Loo"]
[Date "2017.04.21"]
[Round "2.11"]
[White "Ðóäîâñêèé, Ôèëèïï."]
[Black "Øàäóíö, Êèðèëë."]
[Result "1-0"]
[WhiteElo "1710"]
[BlackElo "1877"]
[PlyCount "77"]
[EventDate "2017.04.20"]

1. e4 e6 2. g3 d5 3. Bg2 c5 4. Qe2 Nf6 5. d3 Nc6 6. c3 dxe4 7. dxe4 Ne5 8. Bg5
b6 9. Na3 Bb7 10. Rd1 Qc8 11. f4 Ned7 12. Nc4 Qc6 13. Bxf6 gxf6 14. Nh3 a6 15.
Rg1 b5 16. Na3 c4 17. e5 Qb6 18. exf6 Nc5 19. Qe3 Bxg2 20. Rxg2 Qc6 21. Rgd2
Nd3+ 22. Rxd3 cxd3 23. Qxd3 Bxa3 24. bxa3 Qh1+ 25. Ke2 Qc6 26. Kf2 h6 27. Ng1
O-O 28. Qe2 Qc5+ 29. Rd4 Kh7 30. Nf3 Qf5 31. Ne5 Rac8 32. Nd7 Rfd8 33. g4 Qb1
34. f5 exf5 35. g5 Re8 36. Ne5 Rc7 37. Rh4 Rxc3 38. Rxh6+ Kg8 39. Rh8+ 1-0

[Event "Ì15Ï"]
[Site "Loo"]
[Date "2017.04.21"]
[Round "2.12"]
[White "Ãàðèôçÿíîâ, Íèÿç."]
[Black "Åðîõèí, Àðòåì."]
[Result "1-0"]
[WhiteElo "1874"]
[BlackElo "1705"]
[PlyCount "47"]
[EventDate "2017.04.20"]

1. d4 Nf6 2. c4 g6 3. Nc3 Bg7 4. Nf3 O-O 5. g3 d6 6. Bg2 Nc6 7. O-O Rb8 8. b3
Na5 9. Qd3 c5 10. e4 a6 11. Rd1 cxd4 12. Nxd4 Nd7 13. Be3 Ne5 14. Qd2 Bd7 15.
h3 Nac6 16. Nxc6 Nxc6 17. Rac1 f5 18. c5 Bxc3 19. Rxc3 Qc8 20. cxd6 e5 21. Qd5+
Kg7 22. Rxc6 bxc6 23. Qxe5+ Rf6 24. Bd4 1-0

[Event "Ì15Ï"]
[Site "Loo"]
[Date "2017.04.21"]
[Round "2.13"]
[White "Ñòÿæêèí, Íèêèòà."]
[Black "Ñîëîäÿíêèí, Òèìîôåé."]
[Result "1/2-1/2"]
[WhiteElo "1703"]
[BlackElo "1867"]
[PlyCount "64"]
[EventDate "2017.04.20"]

1. e4 c5 2. Ne2 d6 3. g3 g6 4. Bg2 Bg7 5. c3 Nc6 6. d4 cxd4 7. cxd4 Nf6 8. Nbc3
O-O 9. O-O e5 10. d5 Ne7 11. h3 a6 12. Be3 Nd7 13. g4 f5 14. gxf5 gxf5 15. f4
fxe4 16. Nxe4 Nf5 17. Bf2 Bh6 18. fxe5 Nxe5 19. Nd4 Ng6 20. Ne6 Bxe6 21. dxe6
Qe7 22. Qb3 Nf4 23. Ng3 Rab8 24. Nxf5 Rxf5 25. Bg3 Ne2+ 26. Kh2 Nxg3 27. Qxg3+
Rg5 28. Qb3 Rb5 29. Qg3+ Rg5 30. Qb3 Rb5 31. Qg3+ Rg5 32. Qb3 Rb5 1/2-1/2

[Event "Ì15Ï"]
[Site "Loo"]
[Date "2017.04.21"]
[Round "2.14"]
[White "Êîðîëåâ, Êèðèëë."]
[Black "Àãàáåêîâ, Ñàâåëèé."]
[Result "0-1"]
[WhiteElo "1854"]
[BlackElo "1700"]
[PlyCount "100"]
[EventDate "2017.04.20"]

1. c4 e5 2. g3 Nc6 3. Bg2 Bc5 4. Nc3 a6 5. e4 d6 6. d3 Nf6 7. Nge2 O-O 8. O-O
Be6 9. Nd5 h6 10. Be3 Nd7 11. Bxc5 Nxc5 12. f4 Bg4 13. Bf3 Bxf3 14. Rxf3 Ne6
15. g4 Ncd4 16. Nxd4 Nxd4 17. Rf2 c6 18. Ne3 Ne6 19. Ng2 exf4 20. Nxf4 Nxf4 21.
Rxf4 d5 22. cxd5 cxd5 23. e5 Qb6+ 24. Rf2 Qd4 25. Qe2 Rae8 26. Re1 Re6 27. Kh1
Rfe8 28. Qf3 f6 29. Rfe2 Rxe5 30. Rxe5 Rxe5 31. Rxe5 Qxe5 32. Qf2 Kh7 33. Kg2
b5 34. b3 a5 35. Qd2 a4 36. bxa4 bxa4 37. Kf3 Qa1 38. Qc2 Qf1+ 39. Ke3 Qh3+ 40.
Kf4 d4 41. Qe2 g5+ 42. Ke4 h5 43. Kxd4 Qxg4+ 44. Qxg4 hxg4 45. Kc5 f5 46. d4 f4
47. d5 g3 48. d6 g2 49. d7 g1=Q+ 50. Kc6 Qd1 0-1

[Event "Ì15Ï"]
[Site "Loo"]
[Date "2017.04.21"]
[Round "2.15"]
[White "Øàêèðîâ, Ìàðàò."]
[Black "Ìåñòíèêîâ, Àéäûí."]
[Result "1-0"]
[WhiteElo "1849"]
[BlackElo "1699"]
[PlyCount "125"]
[EventDate "2017.04.20"]

1. d4 Nf6 2. Bg5 e6 3. Nf3 d5 4. e3 c6 5. c4 Nbd7 6. Nc3 Qa5 7. cxd5 Nxd5 8.
Qd2 Bb4 9. Rc1 O-O 10. Bd3 b6 11. O-O Bb7 12. e4 Nxc3 13. bxc3 Ba3 14. Rc2 c5
15. Qf4 cxd4 16. cxd4 f6 17. Qc7 Bc8 18. Bd2 Qh5 19. Bc4 Qe8 20. Qc6 Rb8 21.
Qxe6+ Kh8 22. Qxe8 Rxe8 23. Bf4 Ra8 24. Bb5 a6 25. Bc6 Ra7 26. Bb8 Rb7 27. Bxb7
Bxb7 28. Bf4 Bxe4 29. Re1 Bb4 30. Nd2 f5 31. f3 Bxc2 32. Rxe8+ Nf8 33. d5 Kg8
34. d6 Bc5+ 35. Kh1 Ba4 36. Rb8 Kf7 37. Nc4 Nd7 38. Ne5+ Nxe5 39. Bxe5 g5 40.
Rb7+ Ke6 41. Re7+ Kd5 42. f4 h6 43. Rh7 gxf4 44. Bxf4 Bxd6 45. Bxd6 Kxd6 46.
Rxh6+ Kc5 47. Rf6 Bc2 48. h4 a5 49. h5 b5 50. h6 f4 51. Rxf4 b4 52. Rf7 Bg6 53.
h7 Bxf7 54. h8=Q Bxa2 55. Qe5+ Bd5 56. Kg1 a4 57. Kf2 Kc4 58. g4 a3 59. Ke3 Bg8
60. Kd2 Kb3 61. Kc1 Ka2 62. Qe2+ Kb3 63. Qc2# 1-0

[Event "Ì15Ï"]
[Site "Loo"]
[Date "2017.04.21"]
[Round "2.16"]
[White "Äîí, Àëåêñàíäð."]
[Black "Ïîíòèñ, Ñòàíèñëàâ."]
[Result "1-0"]
[WhiteElo "1836"]
[BlackElo "1693"]
[PlyCount "120"]
[EventDate "2017.04.20"]

1. d4 Nf6 2. c4 g6 3. Nc3 Bg7 4. e4 O-O 5. Be2 d6 6. g4 c5 7. d5 e6 8. g5 Ne8
9. h4 exd5 10. exd5 Bf5 11. Be3 Qe7 12. Bg4 Bxg4 13. Qxg4 f5 14. Qe2 Nd7 15.
Nh3 Ne5 16. Nf4 Nc7 17. Nb5 Nxb5 18. cxb5 c4 19. Kf1 Nd3 20. Nxd3 cxd3 21. Qxd3
Bxb2 22. Re1 Qd7 23. f4 a6 24. a4 axb5 25. Qxb5 Qxb5+ 26. axb5 Ra2 27. Rh2 Re8
28. Bd2 Ra1 29. Rxa1 Bxa1 30. Bb4 Bg7 31. Rc2 Bf8 32. Rc4 h5 33. gxh6 Bxh6 34.
Bxd6 Rd8 35. Be5 Rxd5 36. b6 Rb5 37. Rc8+ Kf7 38. Rc7+ Ke6 39. Rxb7 Bf8 40. Rb8
Rb1+ 41. Ke2 Bc5 42. b7 Kd7 43. Kd3 Ba7 44. Rg8 Rxb7 45. Rxg6 Ke8 46. Rg8+ Kd7
47. Rg7+ Kc6 48. Rxb7 Kxb7 49. h5 Bc5 50. h6 Bf8 51. h7 Bg7 52. Bxg7 Kc6 53.
h8=Q Kd5 54. Bd4 Kd6 55. Qf6+ Kd5 56. Qe5+ Kc6 57. Qc5+ Kd7 58. Bf6 Ke6 59.
Qe5+ Kd7 60. Kc4 Kc6 1-0

[Event "Ì15Ï"]
[Site "Loo"]
[Date "2017.04.21"]
[Round "2.17"]
[White "ßäèãàðîâ, Àéâàç."]
[Black "Ïåòðîâ, Íèêîëàé."]
[Result "1-0"]
[WhiteElo "1699"]
[BlackElo "1832"]
[PlyCount "59"]
[EventDate "2017.04.20"]

1. d4 d5 2. c4 c6 3. e3 Nf6 4. Nc3 e6 5. Nf3 Nbd7 6. Qc2 Bd6 7. Bd3 O-O 8. b3
h6 9. Bb2 dxc4 10. bxc4 e5 11. O-O Re8 12. Ne4 Nxe4 13. Bxe4 exd4 14. exd4 Nf6
15. Rfe1 Bb4 16. Re3 Rxe4 17. Rxe4 Bf5 18. Re8+ Qxe8 19. Qxf5 Qe2 20. Rb1 Qxc4
21. a3 Bd6 22. Bc1 Be7 23. Bf4 b6 24. Ne5 Qd5 25. Rc1 Bxa3 26. Rxc6 Qxd4 27. h3
Qe4 28. Rxf6 Qe1+ 29. Kh2 gxf6 30. Qxf6 1-0

[Event "Ì15Ï"]
[Site "Loo"]
[Date "2017.04.21"]
[Round "2.18"]
[White "Ñàäîâíèêîâ, Êîíñòàíòèí."]
[Black "Àéðàïåòÿí, Òèãðàí."]
[Result "1/2-1/2"]
[WhiteElo "1826"]
[BlackElo "1683"]
[PlyCount "121"]
[EventDate "2017.04.20"]

1. e4 c5 2. Nc3 e6 3. f4 d5 4. d3 d4 5. Nce2 Nc6 6. Nf3 g6 7. g3 Bg7 8. Bg2 Nf6
9. O-O O-O 10. h3 Qc7 11. g4 Ne8 12. Ng3 Nd6 13. Nd2 e5 14. f5 f6 15. Nf3 Bd7
16. Nh4 g5 17. Nf3 b5 18. Nh5 a5 19. Qe1 Be8 20. Ng3 Bf7 21. h4 h6 22. hxg5
hxg5 23. Kf2 Bh6 24. Rh1 Kg7 25. Bd2 Rh8 26. Nh5+ Bxh5 27. Rxh5 Qe7 28. Qh1 Nb4
29. Qc1 c4 30. a3 Na6 31. Nh4 Qd8 32. Ng6 Rh7 33. Qh1 Nf7 34. Qf1 Rc8 35. Rc1
Nc5 36. b4 axb4 37. Bxb4 cxd3 38. cxd3 Nxd3+ 39. Qxd3 Rxc1 40. Nf8 Qc8 41. Nxh7
Qc2+ 42. Qxc2 Rxc2+ 43. Kf3 Kxh7 44. Bf1 Kg8 45. Bd3 Rb2 46. Bxb5 Bf8 47. Bxf8
Kxf8 48. a4 Nd6 49. Bc6 Kg7 50. Rh1 Rc2 51. Bd5 Rc3+ 52. Kf2 Ra3 53. Rc1 Rxa4
54. Rc7+ Kf8 55. Rc6 Ke7 56. Rc7+ Kd8 57. Rh7 d3 58. Ke3 Rd4 59. Rh2 Nb5 60.
Rd2 Nc3 61. Ba8 1/2-1/2

[Event "Ì15Ï"]
[Site "Loo"]
[Date "2017.04.21"]
[Round "2.19"]
[White "Àíèñèìîâ, Àðòåì."]
[Black "Áóþêëè, Åãîð."]
[Result "1-0"]
[WhiteElo "1683"]
[BlackElo "1823"]
[PlyCount "71"]
[EventDate "2017.04.20"]

1. d4 Nf6 2. Nf3 g6 3. e3 Bg7 4. b3 O-O 5. Bb2 d5 6. Bd3 Bg4 7. Nbd2 Nbd7 8. h3
Bxf3 9. Nxf3 Rc8 10. c4 e6 11. c5 Qe7 12. a4 c6 13. b4 Ne4 14. Bxe4 dxe4 15.
Nd2 f5 16. Nc4 f4 17. exf4 Rxf4 18. Bc1 Rff8 19. Nd6 Rb8 20. Be3 Nf6 21. O-O
Nd5 22. Qd2 e5 23. Bg5 Qd7 24. Rfe1 exd4 25. Rxe4 b6 26. Rae1 bxc5 27. bxc5 d3
28. Re7 Bc3 29. Rxd7 Bxd2 30. Bxd2 Rb2 31. Rd1 Nf6 32. Rxa7 Ne8 33. Nxe8 Rxe8
34. Be3 d2 35. Rxd2 Rb1+ 36. Kh2 1-0

[Event "Ì15Ï"]
[Site "Loo"]
[Date "2017.04.21"]
[Round "2.20"]
[White "Ãóëèåâ, Ðîìàí."]
[Black "ßðîø, Ðóñëàí."]
[Result "0-1"]
[WhiteElo "1680"]
[BlackElo "1814"]
[PlyCount "96"]
[EventDate "2017.04.20"]

1. d4 Nf6 2. c4 g6 3. Nc3 Bg7 4. e4 d6 5. Be2 O-O 6. Bg5 h6 7. Be3 e5 8. d5 a5
9. Qc2 Na6 10. a3 Ng4 11. Bxg4 Bxg4 12. f3 Bd7 13. O-O-O Qe8 14. Qd2 Nc5 15.
Bxc5 dxc5 16. Nge2 c6 17. dxc6 Bxc6 18. g4 Qe7 19. h4 Rfd8 20. Nd5 Bxd5 21.
exd5 e4 22. f4 b5 23. cxb5 Qd7 24. a4 Qxg4 25. Rdg1 Qf5 26. Rd1 Qf6 27. Nc3 Re8
28. Qe3 Qd6 29. f5 gxf5 30. Rdg1 Kh7 31. Qf2 f4 32. Qg2 Bxc3 33. bxc3 Qe5 34.
Qc2 Qxd5 35. Rd1 Qf5 36. c4 Qe5 37. Kb1 Rad8 38. Rxd8 Rxd8 39. Rd1 Rxd1+ 40.
Qxd1 f3 41. b6 Qf6 42. Qd5 Qxb6+ 43. Kc2 Qe6 44. Qxc5 e3 45. Kd1 Qd7+ 46. Kc2
f2 47. Qxe3 f1=Q 48. Qe4+ Qff5 0-1